La cultura y el sentido de la vida
Сохранить в:
| Главный автор: | |
|---|---|
| Формат: | |
| Язык: | испанский |
| Опубликовано: |
Madrid
PPC
1993
|
| Серии: | Colección G, 5
|
| Предметы: | |
| Метки: |
Добавить метку
Нет меток, Требуется 1-ая метка записи!
|
MARC
| LEADER | 00000nam a2200000 a 4500 | ||
|---|---|---|---|
| 001 | UCN0678 | ||
| 003 | CL-VaPUC | ||
| 008 | 010330e19930000SP |||||||||||||||||spa|d | ||
| 082 | 0 | 4 | |a 306.01 |b LOP |2 21 |
| 100 | |a López Quintás, Alfonso |e autor |9 601373 | ||
| 245 | 1 | 3 | |a La cultura y el sentido de la vida |
| 300 | |a 235 p | ||
| 942 | |c BK | ||
| 945 | |d 20010330 00:00:00 |a cmena | ||
| 260 | |a Madrid |b PPC |c 1993 | ||
| 650 | 0 | |a Cultura |9 269059 | |
| 650 | 0 | |a Filosofía cultural |9 312300 | |
| 650 | 0 | |a Ética religiosa |9 311520 | |
| 650 | 0 | |a Desarrollo cultural |9 267526 | |
| 583 | |a last modification |c 20010330 00:00:00 |k Rodrigo Vera | ||
| 490 | 0 | |a Colección G, 5 | |
| 999 | |c 294315 |d 294313 | ||
| 952 | |0 0 |1 0 |4 0 |6 306_010000000000000_LOP_1993 |7 0 |8 A |9 346585 |a BIBTEO |b BIBTEO |d 2019-11-20 |i 3663523 |o 306.01 LOP 1993 |p 3663523 |r 2025-01-17 |w 2019-11-20 |y BK |k ICR | ||